El libro de los muertes / (Registro nro. 6532)

Detalles MARC
000 -LEADER
fixed length control field 01431nam a22003017a 4500
003 - CONTROL NUMBER IDENTIFIER
control field OSt
005 - DATE AND TIME OF LATEST TRANSACTION
control field 20250612105500.0
008 - FIXED-LENGTH DATA ELEMENTS--GENERAL INFORMATION
fixed length control field 200217t2015 sp a|||dr|||| 00| f spa d
020 ## - INTERNATIONAL STANDARD BOOK NUMBER
International Standard Book Number 9788496886445
040 ## - CATALOGING SOURCE
Original cataloging agency CO-JMCR
Transcribing agency CO-JMCR
041 1# - LANGUAGE CODE
Language code of text/sound track or separate title spa
Language code of original Inglés
082 04 - DEWEY DECIMAL CLASSIFICATION NUMBER
Classification number J-N
Item number NORl
100 1# - MAIN ENTRY--PERSONAL NAME
Personal name Northrop, Michael,
Relator term autor
9 (RLIN) 638
245 13 - TITLE STATEMENT
Title El libro de los muertes /
Statement of responsibility, etc. Michael Northrop ; traducción, Isabel de Miquel
250 ## - EDITION STATEMENT
Edition statement 1a. edicicón
260 ## - PUBLICATION, DISTRIBUTION, ETC.
Place of publication, distribution, etc. Barcelona :
Name of publisher, distributor, etc. Urano,
Date of publication, distribution, etc. ©2015
300 ## - PHYSICAL DESCRIPTION
Extent 187 páginas :
Other physical details ilustraciones a color ;
Dimensions 22 cm.
490 0# - SERIES STATEMENT
Series statement Tombquest
Volume/sequential designation Libro1
500 ## - GENERAL NOTE
General note Incluye datos biográficos del autor en página 187.
500 1# - GENERAL NOTE
General note Título original : Book of the Dead.
505 ## - FORMATTED CONTENTS NOTE
Formatted contents note Un secreto mortal -- Ren -- Pasar el corazón -- La puerta de la muerte -- Tiempo prestado -- Oscuridad -- Para más tarde -- Los conjuros perdidos -- Despertar -- El que regresa -- La hiena -- Raptada -- La misión -- Salir a huertadillas -- El hombre aguijoneado -- El club de la lectura -- El amuleto -- Escorpiones -- Trabajo sucio -- Tras las pistas del enemigo -- Dentro de la tumba -- La hora de la verdad -- Un nuevo camino
520 ## - SUMMARY, ETC.
Summary, etc. Una puerta al más allá acaba de abrirse después de siglos.
546 1# - LANGUAGE NOTE
Language note Traducido del inglés.
650 24 - SUBJECT ADDED ENTRY--TOPICAL TERM
Topical term or geographic name entry element Novela
Geographic subdivision Estadounidense
9 (RLIN) 639
650 24 - SUBJECT ADDED ENTRY--TOPICAL TERM
Topical term or geographic name entry element Novela
General subdivision magia
9 (RLIN) 640
700 1# - ADDED ENTRY--PERSONAL NAME
Personal name Miquel, Isabel de.
Relator term traductora
9 (RLIN) 641
942 ## - ADDED ENTRY ELEMENTS (KOHA)
Source of classification or shelving scheme Dewey Decimal Classification
Koha item type Books
Existencias
Withdrawn status Lost status Source of classification or shelving scheme Damaged status Not for loan Home library Current library Shelving location Date acquired Source of acquisition Cost, normal purchase price Total Checkouts Total Renewals Full call number Barcode Date last seen Date last checked out Copy number Price effective from Koha item type
    Dewey Decimal Classification     Biblioteca Pública José María del Castillo y Rada Biblioteca Pública José María del Castillo y Rada Processing Center 12/19/2019 Donación 0.00 11 6 J-N NORl 201809753 09/10/2025 09/03/2025 Ej.1 02/17/2020 Books